[Event "ICS rated blitz match"]
[Site "207.99.83.227"]
[Date "1999.04.01"]
[Round "?"]
[White "Hossa"]
[Black "MrJolly"]
[Result "0-1"]
[WhiteElo "2529"]
[BlackElo "2423"]
[Annotator "Crafty v16.6"]
[PlyCount "113"]

{annotating for player Hossa using a scoring margin of +0.10 pawns. search
time limit is 12.00} 1. e4 1... d6 2. d4 Nf6 3. Nc3 g6 4. Nf3 Bg7 5. Bb5+ ({
9:+0.09} 5. Bb5+ 5... c6 6. Be2 O-O 7. O-O Bg4 8. e5 Ne8 9. exd6 Qxd6 10. Ne4
$10) ({9:+0.22} 5. Be2 5... O-O 6. Ng5 Nfd7 7. O-O c5 8. dxc5 Bxc3 9. bxc3 9...
Nxc5 $10) 5... c6 6. Be2 O-O 7. O-O Nbd7 8. Bf4 c5 9. d5 ({8:+0.01} 9. d5 9...
Ng4 10. Qd2 Qb6 11. Rab1 Qd8 12. Bc4 12... Nb6 $10) ({8:+0.14} 9. Bg5 9... cxd4
10. Nxd4 Nc5 11. Bf3 Bd7 12. Qe2 e5 13. Ndb5 $10) 9... a6 10. Rc1 ({9:-0.16} 
10. Rc1 10... b5 11. Qd3 c4 12. Qd1 b4 13. Na4 Nh5 14. Bg5 $10) ({9:-0.01} 10.
Qd2 10... b5 11. a3 Bb7 12. Rfd1 b4 13. axb4 cxb4 14. Na4 Nxe4 15. Qxb4 $10)
10... b5 11. Qd3 c4 12. Qe3 Ng4 13. Qd2 Nc5 14. e5 ({8:-1.11} 14. e5 14... dxe5
15. Bg5 h6 16. Bh4 b4 17. Nd1 17... e4 $17) ({8:-0.42} 14. Ng5 14... h6 15. Nf3
g5 16. Be3 Bxc3 17. Qxc3 Nxe4 18. Qd4 Nxe3 19. Qxe3 $15) 14... dxe5 15. Be3
Nxe3 16. Qxe3 Qd6 17. Ng5 Bh6 18. Nxf7 Bxe3 19. Nxd6 Bxc1 20. Nxc8 Bg5 21. Bg4
Raxc8 22. Bxc8 Rxc8 23. Re1 Rd8 24. Rd1 b4 25. Ne2 e6 26. d6 Be7 27. a3 bxa3
28. bxa3 Rxd6 29. Rxd6 Bxd6 30. Nc3 Nd7 31. Nb1 Nb6 32. f3 Kf7 33. h4 Bc5+ 34.
Kh2 Kf6 35. g4 e4 36. fxe4 Ke5 37. h5 gxh5 38. gxh5 Kxe4 39. Kg3 Kd4 40. Nd2
Bxa3 41. Nf3+ Kc3 42. Ng5 Kxc2 43. Nxh7 c3 44. Ng5 Kd1 45. Ne4 c2 46. Nc3+ Kd2
47. Na2 e5 48. h6 e4 49. h7 Bb2 50. Kh2 e3 51. Kh3 e2 52. Kg4 e1=Q 53. h8=Q
Bxh8 54. Kf3 Nd5 55. Nc1 Qe3+ 56. Kg2 Nf4+ 57. Kh1 0-1

[Event "ICS rated blitz match"]
[Site "207.99.83.227"]
[Date "1999.04.01"]
[Round "?"]
[White "DeepViolet"]
[Black "Hossa"]
[Result "1-0"]
[WhiteElo "2829"]
[BlackElo "2508"]
[Annotator "Crafty v16.6"]
[PlyCount "95"]

{annotating for player Hossa using a scoring margin of +0.10 pawns. search
time limit is 12.00} 1. c4 1... e5 2. Nc3 Nf6 3. e4 Bb4 4. a3 Bxc3 5. dxc3 O-O
6. Bd3 h6 ({9:-0.59} 6... h6 7. Nf3 Nc6 8. O-O d6 9. Qe2 Bg4 10. Be3 10... Qe7
$14) ({9:-0.18} 6... Na6 7. Nf3 Nc5 8. O-O Ncxe4 9. Bxe4 Nxe4 10. Qd5 Nf6 11.
Qxe5 $10) 7. Nf3 d6 8. O-O Bg4 9. h3 Bh5 10. b4 Nfd7 ({9:-0.48} 10... Nfd7 11.
Be3 Nc6 12. Be2 Nf6 13. Qd3 Bg6 14. Nd2 14... Qe7 $14) ({9:-0.23} 10... a5 11.
b5 Nbd7 12. Be3 Nc5 13. Bxc5 dxc5 14. Qe2 Bxf3 15. Qxf3 15... Qd6 $10) 11. Be3
Qf6 12. Be2 Bxf3 13. Bxf3 Qh4 14. Qd3 Nb6 ({9:-0.86} 14... Nb6 15. c5 dxc5 16.
bxc5 N6d7 17. Qd5 c6 18. Qb3 Rd8 19. Qxb7 $16) ({9:-0.55} 14... Nf6 15. Rad1
Nbd7 16. Rd2 a5 17. b5 Rae8 18. Rfd1 Nc5 19. Bxc5 19... dxc5 $14) 15. c5 dxc5
16. bxc5 Nc8 17. Qb5 Qf6 18. Qxb7 Qc6 19. Rab1 Ne7 20. Rfd1 a5 21. a4 Na6 22.
Be2 Nb8 23. Qxc6 Nexc6 24. Rb7 Ra7 25. Rdb1 Rc8 26. Rxa7 Nxa7 27. Bg4 Rd8 28.
Rb7 Nac6 29. Rxc7 Kf8 30. Be2 Re8 31. Bb5 Re6 32. f4 Kg8 33. f5 Rf6 34. h4 g6
35. Bxh6 gxf5 36. Bg5 Re6 37. Rc8+ Kh7 38. exf5 Rh6 39. Bxh6 Ne7 40. Re8 Nd5
41. Bg5 Kg7 42. Rxb8 e4 43. c6 Kh7 44. c7 Ne7 45. Bxe7 Kh6 46. Bf6 Kh5 47. Be2+
Kh6 48. Rh8# 1-0

[Event "ICS rated blitz match"]
[Site "207.99.83.227"]
[Date "1999.04.01"]
[Round "?"]
[White "RM"]
[Black "Hossa"]
[Result "1-0"]
[WhiteElo "2283"]
[BlackElo "2504"]
[Annotator "Crafty v16.6"]
[PlyCount "139"]

{annotating for player Hossa using a scoring margin of +0.10 pawns. search
time limit is 12.00} 1. e4 1... e5 2. Nf3 Nc6 3. Bb5 a6 4. Bxc6 dxc6 5. O-O Qd6
({9:-0.75} 5... Qd6 6. Na3 Be6 7. Qe2 f6 8. Re1 O-O-O 9. Nc4 9... Qc5 $16) ({
9:-0.41} 5... Bg4 6. d3 Qf6 7. Nbd2 Bc5 8. Qe1 Ne7 9. Nb3 9... Bb6 $14) 6. Na3
Be6 7. Qe2 Bg4 8. h3 Bxf3 9. Qxf3 Qf6 ({9:-0.60} 9... Qf6 10. Qb3 O-O-O 11. Nc4
Bc5 12. Qg3 Rd4 13. d3 Bd6 14. Nxd6+ 14... Rxd6 $14) ({9:-0.42} 9... Qe6 10. b3
Nf6 11. Nc4 Bd6 12. Nxd6+ Qxd6 13. d3 O-O-O 14. Qf5+ Kb8 15. Be3 $14) 10. Qb3
O-O-O 11. Nc4 Qe6 12. d3 Bc5 13. Be3 Bd4 14. Bxd4 Rxd4 15. f4 exf4 16. Rxf4 Nf6
17. Ne3 Nd5 18. Nxd5 cxd5 19. Qc3 Qb6 20. Kh1 f6 21. Re1 Qb4 22. Qxb4 Rxb4 23.
b3 Re8 24. c3 Rb6 25. Kg1 Rd6 26. Kf2 dxe4 27. Rfxe4 Rxe4 28. dxe4 Kd7 29. Ke3
a5 30. Rf1 g6 31. g4 Ke6 32. h4 Ke5 33. g5 f5 34. exf5 gxf5 35. h5 b5 36. Rg1
f4+ 37. Kf3 Rd3+ 38. Kg4 Rxc3 39. Re1+ Kd6 40. Kxf4 Rc2 41. Re3 c5 42. g6 hxg6
43. hxg6 Rf2+ 44. Kg4 Rf8 45. Kg5 c4 46. bxc4 bxc4 47. Ra3 Ra8 48. g7 Kc6 49.
Kg6 Kb5 50. Rf3 c3 51. Rxc3 a4 52. Kh7 Kb4 53. Rf3 Kc4 54. g8=Q+ Rxg8 55. Kxg8
Kb5 56. Kf7 Kb6 57. Ke6 Kc5 58. Ke5 Kb5 59. Kd5 Kb6 60. Rc3 Kb5 61. a3 Kb6 62.
Rc4 Kb7 63. Rxa4 Kc7 64. Rb4 Kd7 65. Rb7+ Ke8 66. Kd6 Kf8 67. Ke6 Kg8 68. Kf6
Kh8 69. Kg6 Kg8 70. Rb8# 1-0

[Event "ICS rated blitz match"]
[Site "207.99.83.227"]
[Date "1999.04.01"]
[Round "?"]
[White "Hossa"]
[Black "sirezex"]
[Result "1-0"]
[WhiteElo "2479"]
[BlackElo "2151"]
[PlyCount "53"]

1. e4 d6 2. d4 c6 3. Nc3 g6 4. Be2 Bg7 5. Nf3 Nd7 6. O-O a6 7. Bf4 b5 8. e5 d5
9. e6 fxe6 10. Qd3 Ndf6 11. Ne5 Bd7 12. Qd2 Qb6 13. Qe3 Ra7 14. Bf3 Qd8 15.
Rae1 Ra8 16. a4 b4 17. Ne2 Rc8 18. Qb3 a5 19. c3 Qb6 20. Bd2 Rb8 21. cxb4 axb4
22. Qc2 Bh6 23. b3 Bxd2 24. Qxd2 Bc8 25. Rc1 Bd7 26. Qg5 Rc8 27. Qh4 {
sirezex resigns} 1-0

[Event "ICS rated blitz match"]
[Site "207.99.83.227"]
[Date "1999.04.01"]
[Round "?"]
[White "sirezex"]
[Black "Hossa"]
[Result "0-1"]
[WhiteElo "2147"]
[BlackElo "2483"]
[PlyCount "70"]

1. d4 Nf6 2. Nf3 e6 3. c4 Be7 4. Nc3 O-O 5. e4 d5 6. cxd5 exd5 7. e5 Ne4 8. Bd3
Bb4 9. Qc2 Bf5 10. O-O Bxc3 11. bxc3 Nc6 12. Re1 Bg6 13. a4 Re8 14. a5 Rb8 15.
Nd2 Nxd2 16. Bxd2 Bxd3 17. Qxd3 b6 18. axb6 Rxb6 19. Reb1 Rxb1+ 20. Rxb1 a5 21.
f4 Qd7 22. f5 a4 23. Qf3 Na5 24. Bg5 h6 25. Bc1 Nb3 26. f6 c5 27. Bxh6 cxd4 28.
Qg3 g6 29. Bg5 dxc3 30. Qh4 Nc5 31. Rb6 Qa7 32. Be3 Qxb6 33. Qh6 Qb1+ 34. Kf2
Ne4+ 35. Kf3 35... Qf1+ {sirezex resigns} 0-1

[Event "ICS rated blitz match"]
[Site "207.99.83.227"]
[Date "1999.04.01"]
[Round "?"]
[White "Hossa"]
[Black "sirezex"]
[Result "1-0"]
[WhiteElo "2487"]
[BlackElo "2143"]
[PlyCount "57"]

1. e4 c5 2. Bc4 e6 3. Nc3 a6 4. a4 d6 5. Nf3 Nf6 6. d4 cxd4 7. Nxd4 Be7 8. O-O
O-O 9. a5 Nxe4 10. Nxe4 d5 11. Bxd5 exd5 12. Nd2 Nc6 13. N2b3 Bd6 14. Qh5 g6
15. Qh6 Be5 16. Bg5 Qc7 17. Be3 Bg7 18. Qg5 Re8 19. Bf4 Be5 20. Rae1 Bd7 21.
Bxe5 Rxe5 22. Rxe5 Qxe5 23. Qxe5 Nxe5 24. Nc5 Bc6 25. b3 Kf8 26. Nxc6 bxc6 27.
Re1 f6 28. f4 Nf7 29. Re6 {sirezex resigns} 1-0

[Event "ICS rated blitz match"]
[Site "207.99.83.227"]
[Date "1999.04.01"]
[Round "?"]
[White "sirezex"]
[Black "Hossa"]
[Result "1-0"]
[WhiteElo "2139"]
[BlackElo "2491"]
[Annotator "Crafty v16.6"]
[PlyCount "151"]

{annotating for player Hossa using a scoring margin of +0.10 pawns. search
time limit is 12.00} 1. d4 1... Nf6 2. c4 g6 3. Nc3 Bg7 4. e4 d6 5. Nf3 Bg4 6.
Be2 O-O 7. Ng1 Bd7 8. Nf3 Bg4 9. Ng1 Bxe2 ({9:-0.16} 9... Bxe2 10. Ngxe2 c5 11.
O-O cxd4 12. Nxd4 Qb6 13. Nb3 Qd8 14. Bg5 14... Nc6 $10) ({9:+0.00} 9... Bd7
$10) 10. Ngxe2 Nc6 11. O-O e5 ({9:-0.57} 11... e5 12. d5 Nb4 13. Bg5 Qe7 14. a3
Na6 15. b4 15... Rad8 $14) ({9:-0.30} 11... Qd7 12. Bg5 Qg4 13. Bxf6 exf6 14.
Ng3 f5 15. d5 Bxc3 16. Qxg4 fxg4 17. dxc6 $10) 12. d5 Ne7 13. f3 c6 14. Be3 c5
({9:-0.81} 14... c5 15. Qd2 Qd7 16. Bh6 Bxh6 17. Qxh6 Rad8 18. Rad1 Rfe8 19.
Rfe1 $16) ({9:-0.30} 14... cxd5 15. cxd5 a5 16. Qd2 Rc8 17. Rac1 Re8 18. Kh1
Qd7 19. Bh6 $10) 15. Qd2 Qb6 16. Rab1 Qb4 17. Qd3 Rae8 18. a3 Qa5 19. b4 Qc7
20. bxc5 dxc5 21. Rb5 b6 22. Ra1 Rd8 23. Qc2 Ne8 24. Rbb1 Nd6 25. Nb5 Qd7 26.
Nxd6 Qxd6 27. a4 Rb8 28. a5 Rbd8 29. axb6 axb6 30. Ra6 Nc8 31. Nc3 Qc7 32. Qa4
Rd7 33. Nb5 Qd8 34. Na7 Nxa7 35. Rxa7 Rd6 36. Rb7 Qa8 37. Qxa8 Rxa8 38. R7xb6
Rxb6 39. Rxb6 Bf8 40. Rc6 Ra5 41. Kf2 f5 42. g4 Ra2+ 43. Kg1 fxe4 44. fxe4 Re2
45. Bxc5 Rxe4 46. Rc8 Rxg4+ 47. Kf2 Rxc4 48. Rxf8+ Kg7 49. Rc8 Rc2+ 50. Ke3
Rxh2 51. d6 Rh3+ 52. Ke4 Rh1 53. Kd5 Rd1+ 54. Ke6 Kh6 55. d7 Rxd7 56. Kxd7 Kg5
57. Ke6 Kf4 58. Rf8+ Ke4 59. Rh8 g5 60. Rxh7 g4 61. Bd6 g3 62. Bxe5 g2 63. Bh2
Kf3 64. Kf5 Kf2 65. Kf4 Ke2 66. Rg7 Kf2 67. Rg4 Ke2 68. Rxg2+ Kf1 69. Rg3 Kf2
70. Rf3+ Kg2 71. Bg3 Kh1 72. Kg4 Kg2 73. Rf2+ Kh1 74. Bf4 Kg1 75. Kg3 Kh1 76.
Rf1# 1-0

[Event "ICS Rated blitz match"]
[Site "207.99.83.227"]
[Date "1999.04.01"]
[Round "?"]
[White "Hossa"]
[Black "GARIN333"]
[Result "1-0"]
[WhiteElo "2463"]
[BlackElo "2165"]
[PlyCount "63"]

1. e4 c5 2. Bc4 e6 3. Nc3 a6 4. a4 Ne7 5. Nf3 d5 6. exd5 exd5 7. Ba2 Bg4 8. O-O
Nbc6 9. Re1 Nb4 10. Bb1 d4 11. Ne4 b6 12. d3 Rc8 13. Bd2 Nbd5 14. Ba2 b5 15.
axb5 axb5 16. Bxd5 Qxd5 17. Bf4 Rd8 18. Ra6 Be6 19. Nd6+ Rxd6 20. Bxd6 Nc6 21.
Bxf8 Rxf8 22. Rb6 Kd7 23. Rb7+ Kc8 24. Rxb5 Kc7 25. c4 dxc3 26. bxc3 Rb8 27. c4
Qd6 28. Qa1 Rxb5 29. cxb5 Nd4 30. Qa7+ Kd8 31. Ng5 Qf4 32. Qxc5 {
GARIN333 resigns} 1-0

[Event "ICS rated blitz match"]
[Site "207.99.83.227"]
[Date "1999.04.01"]
[Round "?"]
[White "Nimzovik"]
[Black "Hossa"]
[Result "0-1"]
[WhiteElo "2005"]
[BlackElo "2468"]
[PlyCount "36"]

1. b3 d5 2. Bb2 Bg4 3. h3 Bh5 4. d3 Nc6 5. Nd2 e5 6. g4 Bg6 7. Bg2 Qd6 8. e3
O-O-O 9. Ne2 f5 10. f3 Qf6 11. O-O Bc5 12. d4 exd4 13. exd4 Nxd4 14. Nf4 Nxc2+
15. Kh1 Qxb2 16. Rc1 Ne3 17. Qe2 Nxf1 18. Rxf1 18... Qxa2 {Nimzovik resigns}
0-1

[Event "ICS rated blitz match"]
[Site "207.99.83.227"]
[Date "1999.04.01"]
[Round "?"]
[White "Hossa"]
[Black "clint"]
[Result "1-0"]
[WhiteElo "2470"]
[BlackElo "2091"]
[PlyCount "31"]

1. e4 c5 2. Bc4 e6 3. Nc3 Nc6 4. Nf3 Nge7 5. O-O d5 6. exd5 exd5 7. Bb5 d4 8.
Ne4 b6 9. Re1 Bb7 10. Ne5 Qc7 11. Qh5 O-O-O 12. Nxf7 g6 13. Qh3+ Nf5 14. Nxh8
Bg7 15. g4 Nfe7 16. Nf7 {clint resigns} 1-0

[Event "ICS rated blitz match"]
[Site "207.99.83.227"]
[Date "1999.04.01"]
[Round "?"]
[White "MrJolly"]
[Black "Hossa"]
[Result "1-0"]
[WhiteElo "2444"]
[BlackElo "2473"]
[PlyCount "97"]

1. d4 Nf6 2. c4 g6 3. Nc3 Bg7 4. e4 d6 5. f3 O-O 6. Be3 Nbd7 7. Nge2 e5 8. d5
b6 9. Ng3 Bb7 10. Be2 Rc8 11. O-O Qe7 12. b4 Nb8 13. c5 bxc5 14. bxc5 dxc5 15.
Qb3 Ba8 16. Qa3 Nbd7 17. Rad1 Rb8 18. Qxa7 Rb7 19. Qa5 Rd8 20. Na4 c4 21. Nc5
Bh6 22. Bxh6 Qxc5+ 23. Qxc5 Nxc5 24. Rc1 Nd3 25. Rxc4 Nf4 26. Rfc1 Ne8 27. a4
Rb2 28. Bf1 Rdb8 29. Bxf4 exf4 30. Ne2 g5 31. Nc3 Rd8 32. Rc5 Rbb8 33. Nb5 f5
34. Bc4 Kh8 35. Nxc7 Nxc7 36. Rxc7 g4 37. Bb5 gxf3 38. gxf3 fxe4 39. fxe4 Rf8
40. Kf2 Rbd8 41. Kf3 Rb8 42. d6 Rbd8 43. d7 Kg7 44. a5 Kf6 45. a6 Ke5 46. R1c5+
Kd4 47. Rc8 Bxe4+ 48. Kf2 Rg8 49. Rxd8 {Hossa resigns} 1-0

[Event "ICS Rated blitz match"]
[Site "207.99.83.227"]
[Date "1999.04.01"]
[Round "?"]
[White "Hossa"]
[Black "Amateur"]
[Result "0-1"]
[WhiteElo "2456"]
[BlackElo "2455"]
[Annotator "Fritz 5.32 (15s)"]
[PlyCount "110"]

1. e4 e6 2. Nf3 Nc6 3. Bb5 (3. Nc3 Nge7 4. Bc4 d5 5. exd5 Nxd5 6. O-O Be7 7. d3
Nxc3 8. bxc3 O-O 9. Bf4 Na5 10. Re1 Nxc4 11. dxc4 c5 12. Qxd8 Rxd8 13. Bc7 Rd7
14. Bf4 b6 15. Ne5 Rd8 16. Nc6 Re8 17. Rad1 17... Bf6 {
Aguilar,A-Iomdina,B/Canadian Open, Winnipeg CAN 1997/0-1 (40)}) 3... a6 4. Bxc6
4... dxc6 $146 (4... bxc6 5. d4 (5. d3 h6 6. Nc3 Bc5 7. O-O d5 8. d4 Bb4 9. e5
c5 10. Bd2 cxd4 11. Nxd4 Bxc3 12. Bxc3 Bb7 13. Re1 Ne7 14. Bb4 Ng6 15. b3 Rc8
16. a4 c5 17. Bxc5 Rxc5 18. b4 Rc4 19. Rb1 19... O-O {
Diehle,J-Cordes,M/Osnabrueck 1994/0-1 (38)}) 5... Be7 6. e5 c5 7. c3 Bb7 8.
Nbd2 Nh6 9. Nb3 cxd4 10. Bxh6 gxh6 11. cxd4 Bb4+ 12. Nbd2 Rg8 13. a3 Bxd2+ 14.
Qxd2 Bxf3 15. gxf3 Qh4 16. Rc1 c6 17. Rc4 Rg2 18. Qc2 Rb8 19. d5 {
Knapic,A-Surbek,B/Portoroz op 1994/ - (32)}) 5. d3 Nf6 6. Nc3 Be7 7. O-O O-O 8.
Bg5 b5 9. Bxf6 $11 (9. Ne5 9... Bb7 $11) 9... Bxf6 10. e5 Be7 11. Qc1 Bb7 12.
Qf4 c5 13. Qg4 Qd7 14. a3 Rfd8 15. Ng5 $15 (15. Ne4 Bxe4 16. Qxe4 16... c6 $11)
15... b4 {Raumvorteil. Schwarz erlangt Initiative} 16. Ne2 $17 (16. Nce4 $5
16... Bxe4 17. dxe4 Bxg5 18. Qxg5 $15) 16... b3 17. cxb3 Qd5 18. Nc1 (18. f4 $5
$17) 18... Qxe5 19. Ne4 Qxb2 20. Ra2 Qd4 21. Qe2 Qd5 22. f4 Qd4+ 23. Kh1 Rab8
24. f5 24... exf5 {Die Oeffnung der e-Linie verschafft Schwarz Drohungen} 25.
Ng3 Bg5 26. Nxf5 Qf6 27. Qe1 27... Re8 {Schwarz erhaelt starke Initiative} 28.
Re2 {Droht Matt: Rxe8} 28... Rxe2 29. Qxe2 Rd8 30. Na2 Bd5 31. Nc1 (31. Re1 Be6
(31... Qxf5 $4 {der Springer ist tabu} 32. Qe8+ Rxe8 33. Rxe8#) 32. Ng3 32...
Bh4 $19 (32... Bxb3 $4 {vergiftet...} 33. Qe8+ Rxe8 34. Rxe8#)) 31... Be6 32.
Ne3 Qa1 33. a4 a5 (33... Qe5 34. Re1 $19) 34. Qf2 $2 (34. Qe1 $19 $142) 34...
Qd4 35. Re1 35... Re8 {Mit der Absicht Bh4} 36. Qg1 Bd7 37. Nc2 (37. Nc4 Rxe1
38. Qxe1 $19) 37... Rxe1 {Droht Matt: Qxg1} 38. Qxe1 (38. Nxd4 $4 {
Weiss ist zu gierig} 38... Rxg1+ 39. Kxg1 39... cxd4 $19) 38... Qb2 39. Ne3 (
39. h4 {aendert nichts am Ausgang der Partie} 39... Bh6 (39... Qxc2 $6 40. hxg5
Bc6 41. Qf1 $19) 40. Ne3 40... Qe5 $19) 39... Bc6 40. Qe2 (40. Nd5 {
aendert nichts mehr} 40... h6 $19 (40... Bxc1 $6 {ist weit schwaecher wegen}
41. Ne7+ Kf8 42. Nxc6 $11) (40... Qxc1 $6 {verbietet sich, da} 41. Qxc1 Bxc1
42. Ne7+ Kf8 43. Nxc6 $17)) 40... Qxc1+ 41. Nf1 Qb1 42. Qf2 Qxd3 43. Kg1 (43.
Ng3 {hilft allerdings auch nicht} 43... Be7 $19) 43... Bf6 {Droht Matt} 44. Kh1
Qxb3 (44... Bd4 45. Qe1 h5 46. Ne3 Bxe3 47. h4 Qg6 48. Qf1 Qg3 49. Qxf7+ Kxf7
50. b4 Qxh4#) 45. Qxc5 Qxa4 46. Qf5 Bb7 (46... Qd1 $5 {ginge schneller} 47. h3
Be7 48. Qc8+ Bf8 49. Qa6 $19) 47. Qd3 Qe4 (47... Qc6 $142 {ist genauer} 48. Qe2
$19) 48. Qd2 (48. Qxe4 {nuetzt auch nichts mehr} 48... Bxe4 49. Nd2 49... Bd3
$19) 48... a4 49. h3 (49. Qf2 a3 50. Qd2 50... Qb1 $19) 49... a3 {
Mit der Idee Qe6} 50. h4 Qxh4+ 51. Kg1 Bd4+ 52. Ne3 (52. Qxd4 {
macht keinen grossen Unterschied} 52... Qxd4+ 53. Kh2 a2 54. Kh3 g5 55. Kh2
Qf4+ 56. Kg1 a1=R 57. g3 Qxg3#) 52... a2 53. Qxd4 Qxd4 54. g3 (54. Kf2 {
kann das Vorangegangene nicht ungeschehen machen} 54... a1=Q 55. g4 Qab2+ 56.
Kg3 Qxe3+ 57. Kh4 Qh2#) 54... a1=Q+ 55. Kh2 (55. Kf2 {
aendert den traurigen Lauf der Dinge nicht} 55... Qd2#) 55... Qh1# 0-1

[Event "ICS Rated blitz match"]
[Site "207.99.83.227"]
[Date "1999.04.01"]
[Round "?"]
[White "Amateur"]
[Black "Hossa"]
[Result "1/2-1/2"]
[WhiteElo "2471"]
[BlackElo "2440"]
[Annotator "Fritz 5.32 (15s)"]
[PlyCount "198"]

1. e4 e5 2. Nf3 Nc6 3. Bb5 a6 4. Ba4 Nf6 5. O-O b5 6. Bb3 Bc5 7. a4 b4 (7...
Bb7 8. d3 d6 9. Nc3 b4 10. Nd5 Na5 11. Nxf6+ Qxf6 12. Ba2 h6 13. c3 bxc3 14.
bxc3 O-O 15. Be3 Rad8 16. Rb1 Bc8 17. Qe2 Be6 18. h3 Bxa2 19. Qxa2 Bxe3 20.
fxe3 Qe6 21. Qxe6 fxe6 22. Rb4 {
Kasparov,G-Anand,V/PCA wc final, New York 1995/ - (43)}) (7... Rb8 8. c3 d6 9.
d4 Bb6 10. axb5 axb5 11. Na3 O-O 12. Nxb5 exd4 13. cxd4 Bg4 14. Bc2 d5 15. Bg5
Bxf3 16. Qxf3 Bxd4 17. exd5 Qxd5 18. Qxd5 {
- Almasi,Z-Piket,J/Groningen NED 1998 (18)}) 8. c3 $146 {Kontrolliert d4} (8.
Nxe5 Nxe5 9. d4 Qe7 (9... Bxd4 10. Qxd4 Qe7 11. Bf4 Nc6 12. Qd3 d6 13. Nd2 O-O
14. Rfe1 Ne5 15. Bxe5 dxe5 16. a5 Rd8 17. Qe3 Ng4 18. Qe2 Qc5 19. Bd5 Rb8 20.
Nb3 Qe7 21. Rad1 Rd6 22. Bc4 Rg6 23. h3 Nf6 24. Qd3 Bb7 25. Rd2 Rf8 26. Qf3 h6
27. g3 Kh8 28. Kh2 h5 29. Bd5 Bc8 30. Rh1 Rd8 31. Bxf7 Rf8 32. Bxg6 Ng4+ 33.
Kg2 Rxf3 34. Kxf3 Qf6+ 35. Kg2 Nxf2 36. Rxf2 Qxg6 37. Re1 Qe6 38. Rf5 g6 39.
Rf3 Qxh3+ 40. Kg1 h4 41. Re2 Kg7 42. Nd2 Qg4 43. Rg2 h3 44. Rgf2 {
Gdanski,J-Kislov,M/Polish Team-ch, Krynica POL 1997/ - (61)}) 10. dxc5 Bb7 11.
Re1 O-O 12. Be3 Nxe4 13. f3 Ng5 14. Nd2 Qf6 15. Qe2 Bxf3 16. Bxg5 Qxg5 17. Nxf3
Nxf3+ 18. Qxf3 Qxc5+ 19. Qf2 Qg5 20. Rad1 d6 21. Rd5 Qd8 22. Rf5 {
1-0 Barria,D-Toloza,P/Navarro mem, Santiago CHI 1997 (22)}) 8... O-O $14 (8...
Nxe4 $5 {ist bedenkenswert} 9. Bd5 Nxf2 10. Rxf2 Bxf2+ 11. Kxf2 11... Rb8 $11)
9. d4 exd4 10. cxd4 Be7 11. e5 {Weiss gewinnt Raum} 11... Ne8 12. Be3 (12. d5
Na5 13. Bc2 13... d6 $11) 12... Bb7 13. Nbd2 Rc8 14. Qe2 $11 (14. Qc2 14... d6
$14) 14... Kh8 $14 (14... d6 15. Rfd1 $11) 15. Qd3 15... f5 $16 (15... f6 16.
Rad1 $14) 16. Bc2 $14 (16. d5 Na5 17. Ba2 17... f4 $14) 16... Nb8 (16... b3 17.
Qxb3 (17. Bxb3 $143 17... f4 $17) 17... Nb4 18. Bg5 $14) 17. d5 17... d6 {
Sichert c5} 18. Nd4 {Der Druck auf f5 waechst} 18... Bxd5 19. Nxf5 Bg8 20. Rae1
(20. e6 20... c5 $11) 20... dxe5 21. Qxd8 Bxd8 (21... Rxd8 $2 22. Nxe7 Ba2 23.
f4 exf4 24. Rxf4 Rxf4 25. Bxf4 $18) 22. Bc5 Nd6 23. Bxb4 (23. Rxe5 $2 {
laeuft nicht} 23... Nd7 24. f4 24... Bf6 $19 (24... Nxe5 25. fxe5 Bd5 26. Bd3
$14 (26. exd6 $143 26... cxd6 27. Bd4 Rxc2 28. Bxg7+ Kg8 29. Bxf8 Rxd2 30. Nh6+
Kh8 31. Nf7+ Bxf7 32. Rxf7 32... Kg8 $15))) 23... Nd7 24. Ne3 Rb8 25. Ba3 Rf4
26. g3 {Deckt h4} 26... Rf8 27. Bd3 a5 28. Ndc4 {
Weiss haelt das Heft fest in der Hand} 28... Bxc4 (28... Nxc4 29. Bxc4 (29.
Bxf8 $143 29... Nxb2 30. Bb5 30... Nxf8 $17) 29... Rf3 30. Bxg8 Kxg8 31. Nc4
$14) 29. Nxc4 {Uebt Druck auf den Isolani e5 aus} 29... Nxc4 {
Der rueckstaendige Bauer b2 wird angegriffen} (29... e4 30. Rxe4 Nxe4 31. Bxf8
$16) 30. Bxc4 (30. Bxf8 {ist minderwertig} 30... Nxb2 $1 {bleibt am Druecker}
31. Bc2 Nxf8 32. Rxe5 32... c6 $15) 30... Rf3 31. Bb5 Nf8 32. Rxe5 Bf6 33. Rc5
$16 (33. Re2 33... Bd4 $18) 33... Ne6 34. Rc6 Nd4 35. Rxc7 Nxb5 36. axb5 Rb3
37. Rfc1 h6 (37... Kg8 38. Rc8+ Rxc8 39. Rxc8+ Kf7 40. Rc2 $16) 38. Rc8+ Rxc8
39. Rxc8+ Kh7 40. Rb8 Bxb2 41. Bxb2 Rxb2 42. Kg2 a4 43. Ra8 Rxb5 44. Rxa4 Rb2 (
44... Kg6 45. h4 $16) 45. Kf3 $14 (45. h4 $5 $16) 45... Rb3+ 46. Kg4 Rb2 47.
Rf4 g5 48. Rf7+ $11 (48. Rf3 Kg6 49. Kh3 49... h5 $14) 48... Kg6 49. Rf8 Kg7
50. Rf3 Kg6 51. Kh3 Rd2 52. Rf8 $14 (52. g4 52... h5 $16) 52... Kg7 53. Rf5 Kg6
54. g4 h5 55. Kg3 $11 (55. Rf3 $5 $14 {ist interessant}) 55... hxg4 56. Kxg4
Rd4+ 57. f4 gxf4 (57... Rxf4+ 58. Rxf4 gxf4 59. h4 $11) 58. Rxf4 (58. Rc5 58...
Kf6 $14) 58... Rxf4+ 59. Kxf4 Kh6 60. Kg4 Kh7 61. Kh5 {
Aktiver Koenig im Endspiel} 61... Kh8 62. Kh6 Kg8 63. Kg6 Kh8 64. h3 Kg8 65. h4
Kh8 66. Kf6 Kg8 67. Kf5 Kh8 68. h5 Kg8 69. h6 Kh8 70. Kf6 Kg8 71. Kg6 Kh8 72.
Kf5 Kg8 73. Kg4 Kh8 74. Kh4 Kg8 75. Kh5 {Weiss aktiviert den Koenig} 75... Kh8
76. Kg4 Kg8 77. Kh4 Kh8 78. Kh5 {Der weisse Koenig wird gefaehrlich} 78... Kg8
79. Kg5 Kh8 80. Kg6 Kg8 81. Kf6 Kh8 82. Kg5 Kg8 83. Kf4 Kh8 84. Ke5 {
Weiss aktiviert den Koenig} 84... Kg8 85. Kd4 Kh8 86. Ke4 Kg8 87. Ke5 {
Aktiver Koenig im Endspiel} 87... Kh8 88. Kf4 Kg8 89. Ke5 {
Weiss aktiviert den Koenig} 89... Kh8 90. Kf6 Kg8 91. Ke5 Kh8 92. Kd4 Kg8 93.
Ke4 Kh8 94. Ke5 {Der weisse Koenig wird gefaehrlich} 94... Kg8 95. Kf6 Kh8 96.
Kg6 Kg8 97. h7+ Kh8 98. Kf5 Kg7 99. h8=Q+ Kxh8 1/2-1/2